Extremo oriente y peru en el siglo xvi /
Guardado en:
| Autor Principal: | |
|---|---|
| Formato: | Libro |
| Publicado: |
Madrid :
Mapfr,
1992
|
| Materias: | |
| Etiquetas: |
Agregar Etiqueta
Sin Etiquetas, Sea el primero en etiquetar este registro!
|
| LEADER | 00489nam a22001575a 4500 | ||
|---|---|---|---|
| 001 | EHU.bham019913 | ||
| 003 | AR-BHAM | ||
| 005 | 20101129174634.0 | ||
| 008 | 130507s1992##################000#0#####d | ||
| 082 | 9 | 8 | |a 980.01 |
| 100 | 1 | |a Iwasaki Cauti, Fernando | |
| 245 | 1 | 0 | |a Extremo oriente y peru en el siglo xvi / |c Fernando Iwasaki Cauti |
| 260 | |a Madrid : |b Mapfr, |c 1992 | ||
| 300 | |a 286 p. | ||
| 653 | |a Historia de america del sur | ||
| 859 | |a AR-BHAM |b BIB. HUMANIDADES - Mapfre |h 980.01 |i Iw9 |p 99660.93 |t Ej.1 |v FM | ||
